| 000 | 00457nam a22001817a 4500 | ||
|---|---|---|---|
| 005 | 20180820121840.0 | ||
| 008 | 160524b xxu||||| |||| 00| 0 eng d | ||
| 020 | _a978-0-07-0252-8 | ||
| 041 | _aeng | ||
| 082 |
_b4546 _a658.4012 |
||
| 100 |
_aKAZMI, AZHAR _91110 |
||
| 245 | _aStrategic Management and Business Policy | ||
| 260 |
_aNew Delhi _bAcademic Faundation _c2003 |
||
| 300 | _a670p, | ||
| 500 | _a670 | ||
| 650 |
_aManagement _9241 |
||
| 942 | _cBK | ||
| 999 |
_c1526 _d1525 |
||